000 00869nam a2200181 a 4500
008 120416s1965 ||||||||||||||||| || u
050 _aHD 82 Mei
100 _aMeier, Richard L
245 1 0 _aDevelopmental planning
260 _aNew York
_bMcGraw-Hill
_c(1965)
300 _axvii, 420p. : ill.
350 _a0.00
650 0 _aECONOMICS
650 0 _aECONOMIC DEVELOPMENT--AFRICA, SUB-SAHARAN
995 _aANNEX COLLECTION (Main Library)
_D0.00
_e710230
_FCBU-MAIN LIBRARY (Kitwe)
_H3
_I0.00
_jHD 82 Mei
_M2
_UAVAILABLE
_y003907
_ZAnnex Low-Usage Collection
995 _aANNEX COLLECTION (Main Library)
_D0.00
_e710228
_FCBU-MAIN LIBRARY (Kitwe)
_H1
_I0.00
_jHD 82 Mei
_M3
_UAVAILABLE
_y003908
_ZAnnex Low-Usage Collection
995 _aANNEX COLLECTION (Main Library)
_D0.00
_e710229
_FCBU-MAIN LIBRARY (Kitwe)
_H2
_I0.00
_jHD 82 Mei
_M1
_UAVAILABLE
_y003906
_ZAnnex Low-Usage Collection
999 _c63514
_d63514